Normal view
MARC view
- Hurtubise, Rolland A.
Entry Personal Name
001 - CONTROL NUMBER
- control field: 6789
003 - CONTROL NUMBER IDENTIFIER
- control field: OSt
005 - DATE AND TIME OF LATEST TRANSACTION
- control field: 20170522121008.0
008 - FIXED-LENGTH DATA ELEMENTS
- fixed length control field: 170522|| aca||aabn | a|a d
040 ## - CATALOGING SOURCE
- Original cataloging agency: OSt
- Transcribing agency: OSt
100 ## - HEADING--PERSONAL NAME
- Personal name: Hurtubise, Rolland A.
670 ## - SOURCE DATA FOUND
- Source citation: Work cat.: (OSt): Hurtubise, Rolland A., Managing information systems :, c1984.

PORTAL AKMAL
E-MEL JKDM
AKMAL2U
G-BAM
u-PUSTAKA